000 00876nam a2200253Ia 4500
003 OSt
005 20220923215352.0
006 a|||||r|||| 00| 0
007 ta
008 220922b |||||||| |||| 00| 0 hin d
024 _a178,130
037 _cTextual
040 _aARTS
_cARTS
_bhin
041 _2hin
_ahin
082 _aO152,1I00,1:g(P), L8
100 _aशहदेव सिंह
245 0 _aकबीर बीजक का भाषाशास्त्रीय अध्ययन
246 _aKabīr bījak kā bhāṣhāshāstrīya adhyayana
260 _aवाराणसी
_b अनुराग प्रकाशन
_c1978
300 _a182 पृ.
_ccm.
650 _aहिन्दी साहित्य
_9156264
942 _hO152,1I00,1:g(P), L8
_cTEXL
_2CC
999 _c331512
_d331512